| 000 | 00734nam a2200277Ia 4500 | ||
|---|---|---|---|
| 001 | Para_7584 | ||
| 003 | CHAP | ||
| 008 | 220125s1981 xx 000 0 und d | ||
| 010 | _a206498 | ||
| 040 | _cCHAP | ||
| 082 | _aPA 632 N9 | ||
| 100 |
_aNyvall, Robert F. _982311 |
||
| 245 |
_aField crop diseases handbook / _c by Robert F. Nyvall |
||
| 260 |
_aWestport : _b The AVI Publishing |
||
| 300 | _a436 p. | ||
| 650 |
_aCultivos _x Enfermedades _930262 |
||
| 650 |
_aCultivos _x plagas _930305 |
||
| 650 |
_aFitopatología _941161 |
||
| 901 | _aPA 632 N9 | ||
| 902 | _aA | ||
| 905 | _a0000001981 a 0000000000 00 | ||
| 910 | _a1981 | ||
| 942 | _cPARA | ||
| 942 |
_cPARA _d1 |
||
| 999 |
_c206498 _d206498 |
||